| 000 | 00731cab a2200253 4500 | ||
|---|---|---|---|
| 001 | WB3245-01 | ||
| 008 | 090401t1996 xxu||||| |||| 00| 0 eng d | ||
| 035 | _a(Sirsi) u60240 | ||
| 041 | _aeng | ||
| 245 | _aAuctioneers to fight art fraud | ||
| 260 | _c1996 | ||
| 350 | _a0 | ||
| 490 |
_aSunday Times _v24 November 1996, B1(1) |
||
| 520 | _aAuctioneers are helping police in the fight against money laundering and the sale of stolen works of art at public auction. | ||
| 650 | _aART FRAUD | ||
| 650 | _aART LOSS REGISTER | ||
| 650 | _aAUCTIONEERS | ||
| 650 | _aMONEY LAUNDERING | ||
| 650 | _aPUBLIC AUCTIONS | ||
| 650 | _aSTOLEN WORKS OF ART | ||
| 690 |
_aAuctioneering _96218 |
||
| 942 | _n0 | ||
| 948 | _c04/03/1997 | ||
| 999 |
_c37115 _d37115 |
||